000 00234nam a2200097Ia 4500
008 190216s9999||||xx |||||||||||||| ||und||
100 _aSreenivas T R
245 0 _aVaithyutha Prathishtapanam
260 _bKerala Basha Inst
942 _cBK
999 _c37774
_d37774